Social development (Record no. 13855)
[ view plain ]
| 000 -LEADER | |
|---|---|
| fixed length control field | 01287nam a2200337Ia 4500 |
| 082 04 - DEWEY DECIMAL CLASSIFICATION NUMBER | |
| Classification number | 361.6/1 |
| 100 1# - MAIN ENTRY--AUTHOR NAME | |
| Personal name | Midgley, James. |
| 245 10 - TITLE STATEMENT | |
| Title | Social development |
| 260 ## - PUBLICATION, DISTRIBUTION, ETC. (IMPRINT) | |
| Place of publication | London ; |
| -- | Thousand Oaks, CA : |
| Name of publisher | Sage, |
| Year of publication | 1995. |
| 300 ## - PHYSICAL DESCRIPTION | |
| Number of Pages | vii, 194 p. |
| 650 #0 - SUBJECT ADDED ENTRY--TOPICAL TERM | |
| Topical Term | Human services |
| Topical Term | Social planning |
| 856 40 - ELECTRONIC LOCATION AND ACCESS | |
| Uniform Resource Identifier | http://site.ebrary.com/lib/rucke/Doc?id=10682743 |
No items available.
